[Event "RUS-Cup 300 years (Women)"]
[Site "St Petersburg"]
[Date "2003.10.26"]
[Round "9"]
[White "Mokhova, Kristina"]
[Black "Rubzova, Tatiana"]
[Result "1/2-1/2"]
[WhiteElo "2121"]
[BlackElo "2290"]
[PlyCount "91"]
[EventDate "2003.10.18"]
[EventType "swiss"]
[EventRounds "9"]
[EventCountry "RUS"]
[SourceTitle "EXT 2004"]
[Source "ChessBase"]
[SourceDate "2003.11.25"]
[SourceVersion "1"]
[SourceVersionDate "2003.11.25"]
[SourceQuality "1"]

1. e4 c5 2. c3 d5 3. exd5 Qxd5 4. d4 e6 5. Nf3 Nf6 6. Bd3 cxd4 7. cxd4 Be7 8. Nc3 Qd6 9. 0-0 0-0 10. Bg5 Nc6 11. Rc1 a6 12. Qd2 Rd8 13. Bf4 Qd7 14. Rfd1 Nd5 15. Ne5 Nxe5 16. Bxe5 Nxc3 17. Qxc3 Bd6 18. Qc2 g6 19. Be4 Qe7 20. Rd3 Rb8 21. Bxd6 Rxd6 22. Qc7 Qxc7 23. Rxc7 b6 24. d5 e5 25. Rc6 Rd8 26. Rdc3 Be6 27. d6 Kg7 28. h3 h5 29. a3 a5 30. Rd3 Rd7 31. Bd5 Bxd5 32. Rxd5 Kf6 33. Rb5 Ke6 34. Rbxb6 Rxb6 35. Rxb6 Rxd6 36. Rb5 Rd1+ 37. Kh2 a4 38. g3 Kf5 39. Kg2 Ke4 40. b3 axb3 41. Rxb3 Ra1 42. h4 f6 43. Rb6 Kf5 44. Ra6 g5 45. hxg5 fxg5 46. Rh6 1/2-1/2

[Event "RUS-Cup 300 years (Women)"]
[Site "St Petersburg"]
[Date "2003.10.24"]
[Round "7"]
[White "Rubzova, Tatiana"]
[Black "Dushenok, Anna"]
[Result "0-1"]
[WhiteElo "2290"]
[BlackElo "2190"]
[PlyCount "110"]
[EventDate "2003.10.18"]
[EventType "swiss"]
[EventRounds "9"]
[EventCountry "RUS"]
[SourceTitle "EXT 2004"]
[Source "ChessBase"]
[SourceDate "2003.11.25"]
[SourceVersion "1"]
[SourceVersionDate "2003.11.25"]
[SourceQuality "1"]

1. d4 Nf6 2. g3 c5 3. dxc5 Qa5+ 4. Nd2 Qxc5 5. Bg2 d6 6. Ngf3 g6 7. 0-0 Bg7 8. c3 0-0 9. Nd4 Nc6 10. N2b3 Qb6 11. e4 Nxd4 12. Nxd4 Bd7 13. h3 Rfd8 14. Qe2 a6 15. Re1 Rac8 16. Be3 Qc7 17. Rad1 e5 18. Nc2 Be6 19. Nb4 Bc4 20. Qd2 a5 21. Nd5 Nxd5 22. exd5 Bxa2 23. h4 Bb3 24. Ra1 f5 25. h5 a4 26. hxg6 hxg6 27. Bg5 Re8 28. g4 Qf7 29. gxf5 gxf5 30. Qd3 e4 31. Qg3 Qxd5 32. Bh3 Re6 33. Bf4 Kf7 34. Kh2 Rg6 35. Qe3 Rh8 36. Rg1 Rg4 37. Rg3 Bf6 38. Rag1 Rxg3 39. Qxg3 Ke7 40. Qg6 Qf7 41. Qg3 Qe6 42. Qe3 Be5 43. Rg3 Bxf4 44. Qxf4 Qf6 45. Qe3 Bd5 46. Qb6 Bc6 47. Qc7+ Ke6 48. Rg7 e3 49. fxe3 Qe5+ 50. Rg3 Rg8 51. Bxf5+ Kf6 52. Bg6 Rxg6 53. Qd8+ Kg7 54. Qh4 Rxg3 55. Qxg3+ Kf6 0-1

[Event "RUS-Cup 300 years (Women)"]
[Site "St Petersburg"]
[Date "2003.10.18"]
[Round "1"]
[White "Rubzova, Tatiana"]
[Black "Likhovid, Ekaterina"]
[Result "1/2-1/2"]
[WhiteElo "2290"]
[BlackElo "2085"]
[PlyCount "89"]
[EventDate "2003.10.18"]
[EventType "swiss"]
[EventRounds "9"]
[EventCountry "RUS"]
[SourceTitle "EXT 2004"]
[Source "ChessBase"]
[SourceDate "2003.11.25"]
[SourceVersion "1"]
[SourceVersionDate "2003.11.25"]
[SourceQuality "1"]

1. c4 g6 2. g3 Bg7 3. Bg2 f5 4. e3 Nf6 5. Ne2 0-0 6. 0-0 e5 7. Nbc3 Nc6 8. Rb1 d6 9. b4 Qe8 10. Nd5 Qf7 11. Nec3 Be6 12. b5 Nd8 13. d3 Nh5 14. Ne2 Rc8 15. f4 c6 16. bxc6 bxc6 17. Nb4 exf4 18. Nxf4 Nxf4 19. gxf4 d5 20. cxd5 cxd5 21. d4 Nb7 22. Nd3 Nd6 23. Nc5 Ne4 24. Rb7 Qf6 25. Nxe4 fxe4 26. Rxa7 Qh4 27. Ba3 Rf5 28. Be7 Bf6 29. Bxf6 Qxf6 30. Qa4 Rh5 31. Ra8 Rxa8 32. Qxa8+ Kg7 33. Rc1 Qh4 34. Kf1 Qxh2 35. Rc7+ Bf7 36. Rc8 Qg3 37. Qa3 Rh1+ 38. Bxh1 Qh3+ 39. Bg2 Qxc8 40. Kf2 Qc2+ 41. Kg3 Qe2 42. Kh2 Qf2 43. Qe7 Qxa2 44. Qe5+ Kg8 45. Qb8+ 1/2-1/2

[Event "RUS-ch (Women)"]
[Site "Elista"]
[Date "2003.05.24"]
[Round "7"]
[White "Komiagina, Maria"]
[Black "Rubzova, Tatiana"]
[Result "1-0"]
[WhiteElo "2244"]
[BlackElo "2317"]
[PlyCount "69"]
[EventDate "2003.05.18"]
[EventType "swiss"]
[EventRounds "9"]
[EventCountry "RUS"]
[SourceTitle "CBM 094 Extra"]
[Source "ChessBase"]
[SourceDate "2003.07.09"]
[SourceVersion "2"]
[SourceVersionDate "2003.07.09"]
[SourceQuality "1"]

1. e4 c5 2. Nf3 Nc6 3. d4 cxd4 4. Nxd4 g6 5. Nc3 Bg7 6. Be3 Nf6 7. Bc4 0-0 8. Bb3 a5 9. 0-0 a4 10. Nxa4 Nxe4 11. Nb5 Ra6 12. f3 Nf6 13. c4 d6 14. Qe2 Be6 15. Rfd1 Na5 16. Nc5 Nxb3 17. Nxe6 fxe6 18. axb3 e5 19. Nc3 Rxa1 20. Rxa1 Qc7 21. Qd3 Qc6 22. Ra5 Rd8 23. Rxe5 Kf7 24. Rb5 Qa6 25. Na4 Rd7 26. Bb6 d5 27. Ra5 dxc4 28. Qe2 c3 29. Rxa6 cxb2 30. Nxb2 bxa6 31. Nd3 Nd5 32. Bc5 Rc7 33. Qe4 e6 34. Nf4 Rc6 35. b4 1-0

[Event "RUS-ch (Women)"]
[Site "Elista"]
[Date "2003.05.18"]
[Round "1"]
[White "Bistrikova, Elena V"]
[Black "Rubzova, Tatiana"]
[Result "1/2-1/2"]
[WhiteElo "2197"]
[BlackElo "2317"]
[PlyCount "23"]
[EventDate "2003.05.18"]
[EventType "swiss"]
[EventRounds "9"]
[EventCountry "RUS"]
[SourceTitle "CBM 094 Extra"]
[Source "ChessBase"]
[SourceDate "2003.07.09"]
[SourceVersion "2"]
[SourceVersionDate "2003.07.09"]
[SourceQuality "1"]

1. Nf3 d5 2. g3 c5 3. Bg2 Nc6 4. 0-0 Nf6 5. d3 e5 6. Nbd2 Be7 7. c3 0-0 8. e4 h6 9. Re1 d4 10. Nc4 Qc7 11. a4 Be6 12. cxd4 1/2-1/2

[Event "RUS-ch (Women) 1st League"]
[Site "Serpukhov"]
[Date "2003.02.27"]
[Round "8"]
[White "Rubzova, Tatiana"]
[Black "Avdeenko, Tatiana"]
[Result "1-0"]
[WhiteElo "2309"]
[BlackElo "2128"]
[PlyCount "107"]
[EventDate "2003.02.20"]
[EventType "swiss"]
[EventRounds "9"]
[EventCountry "RUS"]
[SourceTitle "EXT 2004"]
[Source "ChessBase"]
[SourceDate "2003.11.25"]
[SourceVersion "1"]
[SourceVersionDate "2003.11.25"]
[SourceQuality "1"]

1. e4 d6 2. g3 e5 3. Bg2 Nf6 4. Ne2 Be7 5. 0-0 c6 6. d4 Nbd7 7. h3 0-0 8. Nbc3 Re8 9. Be3 b5 10. a3 Bb7 11. Qd2 a6 12. Rad1 Bf8 13. dxe5 dxe5 14. g4 h6 15. Ng3 Qc7 16. Nf5 Nb6 17. Qe2 Nc4 18. Bc1 a5 19. a4 b4 20. Qxc4 bxc3 21. Qxc3 Ba6 22. Rfe1 Bb4 23. Qf3 Bxe1 24. Rxe1 Nh7 25. h4 f6 26. Kh2 Bc4 27. Rg1 Be6 28. Bf1 g5 29. Nxh6+ Kg7 30. Nf5+ Kg6 31. b3 c5 32. Kg2 Rh8 33. Rh1 Rad8 34. Bd3 Qd7 35. Qe3 Qc7 36. Ba3 Rc8 37. Bb5 Nf8 38. h5+ Kh7 39. Rd1 Nd7 40. f3 Bxf5 41. exf5 Rhd8 42. Rd5 Kh6 43. Qc3 Nb6 44. Rxc5 Qa7 45. Bc6 Rd1 46. f4 gxf4 47. Bf3 Rdd8 48. Be4 Qg7 49. Kh3 Rh8 50. Qf3 Rcd8 51. Bc1 Rd4 52. Bd3 Nd5 53. Be2 Ne3 54. c3 1-0

[Event "St Petersburg Rudenko Memorial (Women)"]
[Site "St Petersburg"]
[Date "2002.10.??"]
[Round "6.1"]
[White "Dushenok, Anna"]
[Black "Rubzova, Tatiana"]
[Result "1/2-1/2"]
[WhiteElo "2193"]
[BlackElo "2309"]
[PlyCount "115"]
[EventDate "2002.10.??"]
[EventType "swiss"]
[EventRounds "9"]
[EventCountry "RUS"]
[SourceTitle "CBM 091 Extra"]
[Source "ChessBase"]
[SourceDate "2003.01.09"]
[SourceVersion "1"]
[SourceVersionDate "2003.01.09"]
[SourceQuality "1"]

1. d4 e6 2. c4 Nf6 3. Nf3 b6 4. Bf4 Bb7 5. e3 Be7 6. h3 0-0 7. Nc3 d5 8. cxd5 Nxd5 9. Nxd5 Bxd5 10. Bd3 c5 11. Qc2 g6 12. e4 Bb7 13. dxc5 Bxc5 14. 0-0 Nc6 15. a3 Nd4 16. Nxd4 Bxd4 17. Bh6 Bg7 18. Bxg7 Kxg7 19. Qc3+ Kg8 20. Rad1 Rc8 21. Qe5 Rc5 22. Qf4 Qd4 23. Rd2 Qe5 24. Qxe5 Rxe5 25. f3 Rc5 26. Rc2 Rxc2 27. Bxc2 Rc8 28. Rf2 Rd8 29. Kf1 g5 30. Ke2 e5 31. Ke3 Bc8 32. Bd3 Be6 33. Rc2 Rc8 34. Rxc8+ Bxc8 35. Bf1 h5 36. g3 h4 37. f4 f6 38. fxg5 fxg5 39. g4 Kf8 40. Kd2 Bb7 41. Bd3 Ke7 42. Kc3 Kd6 43. b4 Bc6 44. Kd2 a5 45. Kc3 Bd7 46. Be2 Ba4 47. Kd2 Kc6 48. Kc3 axb4+ 49. axb4 Kd6 50. Kd2 Bc6 51. Bd3 Bb7 52. Kc3 Kc6 53. Bc4 Bc8 54. Be2 Be6 55. Kb2 b5 56. Kc3 Ba2 57. Bd3 Kb6 58. Bf1 1/2-1/2

[Event "St Petersburg Rudenko Memorial (Women)"]
[Site "St Petersburg"]
[Date "2002.10.??"]
[Round "2.2"]
[White "Vasilkova, Svetlana"]
[Black "Rubzova, Tatiana"]
[Result "0-1"]
[WhiteElo "2164"]
[BlackElo "2309"]
[PlyCount "82"]
[EventDate "2002.10.??"]
[EventType "swiss"]
[EventRounds "9"]
[EventCountry "RUS"]
[SourceTitle "CBM 091 Extra"]
[Source "ChessBase"]
[SourceDate "2003.01.09"]
[SourceVersion "1"]
[SourceVersionDate "2003.01.09"]
[SourceQuality "1"]

1. e4 c5 2. Nf3 e6 3. d4 cxd4 4. Nxd4 Nf6 5. Nc3 d6 6. Be3 a6 7. f3 Qc7 8. Qd2 b5 9. g4 Bb7 10. 0-0-0 Be7 11. h4 Nc6 12. g5 Nd7 13. Bh3 Nde5 14. Qe2 0-0 15. f4 Nc4 16. h5 Nxe3 17. Qxe3 Nxd4 18. Qxd4 b4 19. Ne2 Rfc8 20. Qd3 Qc4 21. Qxc4 Rxc4 22. Nd4 Bxe4 23. Rhe1 d5 24. Bf1 Rc7 25. Bd3 Bd6 26. Rf1 Bxd3 27. Rxd3 g6 28. Kb1 Rac8 29. hxg6 hxg6 30. Rh3 Bf8 31. Rh2 Rc4 32. Nb3 Bd6 33. Rfh1 Kf8 34. Na5 R4c7 35. Rf1 Ke7 36. Re2 Rh8 37. Nb3 Rc4 38. f5 gxf5 39. Nd2 Rf4 40. Rg1 Rg4 41. Ree1 Bg3 0-1

[Event "RUS-chT1 (Women)"]
[Site "Serpukhov"]
[Date "2002.??.??"]
[Round "6"]
[White "Komiagina, Maria"]
[Black "Rubzova, Tatiana"]
[Result "1/2-1/2"]
[WhiteElo "2218"]
[BlackElo "2309"]
[PlyCount "131"]
[EventDate "2002.??.??"]
[EventType "team"]
[EventRounds "9"]
[EventCountry "RUS"]
[SourceTitle "EXT 2003"]
[Source "ChessBase"]
[SourceDate "2002.11.25"]
[SourceVersion "1"]
[SourceVersionDate "2002.11.25"]
[SourceQuality "1"]

1. e4 c5 2. Nf3 e6 3. d4 cxd4 4. Nxd4 Nf6 5. Nc3 d6 6. Bc4 a6 7. Bb3 Qc7 8. 0-0 Nc6 9. Be3 Be7 10. f4 0-0 11. Qf3 b5 12. a3 Bb7 13. f5 e5 14. Nxc6 Bxc6 15. Bg5 Rac8 16. Bxf6 Bxf6 17. Qf2 Bd8 18. Qg3 Kh8 19. Rad1 Qb7 20. Rxd6 Bxe4 21. Nxe4 Qxe4 22. Re1 Qa8 23. Kh1 Bf6 24. Rd7 Qc6 25. Red1 Rc7 26. R7d6 Qe4 27. Qf2 a5 28. c3 b4 29. Qb6 Rb7 30. Qxa5 Qxf5 31. axb4 Bg5 32. Qc5 Be7 33. Qd5 Bxd6 34. Qxb7 e4 35. Qd5 Be5 36. Qc5 Kg8 37. Qe3 Bf4 38. Qf2 e3 39. Qf3 Qe5 40. g3 Bg5 41. Bc4 g6 42. Rd7 Bf6 43. Kg2 Kg7 44. b5 h5 45. Qd5 Qe8 46. Kf3 g5 47. Qf5 Qa8+ 48. Bd5 Qa1 49. Be4 Qf1+ 50. Kxe3 Qe1+ 51. Kd3 Qd1+ 52. Kc4 Rc8+ 53. Kb4 Be7+ 54. Rxe7 Qd6+ 55. Kb3 Qxe7 56. Qxc8 Qxe4 57. Qd7 Qe2 58. b6 Qa6 59. c4 Qxb6+ 60. Qb5 Qe3+ 61. Ka2 Qa7+ 62. Kb3 Qe3+ 63. Ka4 h4 64. gxh4 gxh4 65. c5 Qf4+ 66. Qb4 1/2-1/2

[Event "RUS-chT1 (Women)"]
[Site "Serpukhov"]
[Date "2002.??.??"]
[Round "3"]
[White "Rubzova, Tatiana"]
[Black "Borisova, Elizaveta"]
[Result "1/2-1/2"]
[WhiteElo "2309"]
[BlackElo "2101"]
[PlyCount "118"]
[EventDate "2002.??.??"]
[EventType "team"]
[EventRounds "9"]
[EventCountry "RUS"]
[SourceTitle "EXT 2003"]
[Source "ChessBase"]
[SourceDate "2002.11.25"]
[SourceVersion "1"]
[SourceVersionDate "2002.11.25"]
[SourceQuality "1"]

1. g3 e5 2. c4 g6 3. Bg2 Bg7 4. Nc3 d6 5. e3 Nf6 6. Nge2 0-0 7. 0-0 c6 8. b3 Nbd7 9. d4 Re8 10. Ba3 Nf8 11. dxe5 dxe5 12. Qxd8 Rxd8 13. Rad1 Be6 14. Be7 Rd7 15. Bc5 Rxd1 16. Rxd1 N8d7 17. Bd6 Bf8 18. h3 Bxd6 19. Rxd6 Kf8 20. g4 Ke7 21. Rd1 h6 22. f4 Rd8 23. Ng3 Nc5 24. Rxd8 Kxd8 25. Bf1 a5 26. Kf2 Ke7 27. Ke1 Kd6 28. Kd2 Bc8 29. Bg2 exf4 30. exf4 g5 31. Nce2 gxf4 32. Nxf4 Ke5 33. Nfe2 Be6 34. Ke3 Na6 35. Nd4 Bd7 36. Bf3 Nc5 37. a3 Na6 38. Nge2 Ne8 39. Nf4 Nd6 40. Nd3+ Kf6 41. Kf4 c5 42. Ne2 b5 43. Bd5 Be6 44. Bxe6 Kxe6 45. cxb5 Nxb5 46. a4 Nd6 47. Nc3 c4 48. bxc4 Nxc4 49. Ke4 Nb6 50. h4 Nd7 51. Kd4 f5 52. Nf4+ Kf6 53. Ncd5+ Kf7 54. gxf5 Nac5 55. Kc4 Nxa4 56. Kb5 Nac5 57. Kxa5 Ne4 58. Kb5 Ng3 59. Kc6 Nxf5 1/2-1/2

[Event "RUS-chT1 (Women)"]
[Site "Serpukhov"]
[Date "2002.??.??"]
[Round "7"]
[White "Rubzova, Tatiana"]
[Black "Chistiakova, Tamara"]
[Result "0-1"]
[WhiteElo "2309"]
[BlackElo "2223"]
[PlyCount "94"]
[EventDate "2002.??.??"]
[EventType "team"]
[EventRounds "9"]
[EventCountry "RUS"]
[SourceTitle "EXT 2003"]
[Source "ChessBase"]
[SourceDate "2002.11.25"]
[SourceVersion "1"]
[SourceVersionDate "2002.11.25"]
[SourceQuality "1"]

1. e4 c5 2. Nf3 d6 3. Nc3 a6 4. g3 Nc6 5. Bg2 g6 6. d4 cxd4 7. Nxd4 Bd7 8. 0-0 Bg7 9. Nde2 Nf6 10. Nd5 0-0 11. h3 Ne5 12. c3 Re8 13. Nd4 Rc8 14. Qe2 Nc6 15. Nb3 Na5 16. Re1 Nxb3 17. axb3 e6 18. Nxf6+ Qxf6 19. Be3 Bc6 20. Qd2 Bf8 21. b4 e5 22. Red1 Qe6 23. Kh2 f5 24. exf5 gxf5 25. Bd5 Bxd5 26. Qxd5 Qxd5 27. Rxd5 Kf7 28. Rad1 b5 29. Kg2 Rc4 30. R1d2 Ke6 31. f4 Rc7 32. g4 Be7 33. Kf3 Rf8 34. fxe5 dxe5 35. gxf5+ Rxf5+ 36. Kg2 Rc8 37. Bc5 Bxc5 38. bxc5 Rg8+ 39. Kh2 Rf2+ 40. Rxf2 Kxd5 41. b4 e4 42. Rg2 Re8 43. Kg3 Kc4 44. Kf4 Kd3 45. c6 e3 46. Rg3 Kd2 47. c7 e2 0-1

[Event "RUS-chT1 (Women)"]
[Site "Serpukhov"]
[Date "2002.??.??"]
[Round "1"]
[White "Rubzova, Tatiana"]
[Black "Peshkova, Tatiana"]
[Result "1/2-1/2"]
[WhiteElo "2309"]
[BlackElo "2124"]
[PlyCount "115"]
[EventDate "2002.??.??"]
[EventType "team"]
[EventRounds "9"]
[EventCountry "RUS"]
[SourceTitle "EXT 2003"]
[Source "ChessBase"]
[SourceDate "2002.11.25"]
[SourceVersion "1"]
[SourceVersionDate "2002.11.25"]
[SourceQuality "1"]

1. c4 d6 2. Nc3 e5 3. g3 Be6 4. Bg2 c6 5. b3 g6 6. e3 Bg7 7. Nge2 Nf6 8. d4 0-0 9. 0-0 Qd7 10. Qd2 Bh3 11. dxe5 dxe5 12. Qxd7 Bxd7 13. Ba3 Re8 14. Rad1 Bf8 15. Bd6 Na6 16. Rd2 Rad8 17. Rfd1 Bc8 18. a3 Bxd6 19. Rxd6 Rxd6 20. Rxd6 Re6 21. Rd1 Re7 22. b4 Be6 23. c5 Nc7 24. Rd8+ Kg7 25. Nc1 Bc4 26. Bf1 Bxf1 27. Kxf1 Ne6 28. Rd6 Ne8 29. Rd1 f5 30. Nd3 Kf6 31. Nb2 b6 32. cxb6 axb6 33. Nc4 b5 34. Nb6 Nf8 35. a4 bxa4 36. b5 Ke6 37. bxc6 Rc7 38. Ncxa4 Rxc6 39. Rd8 Ke7 40. Rb8 Nd7 41. Nxd7 Kxd7 42. Nb6+ Ke7 43. Nd5+ Ke6 44. Nb4 Rc1+ 45. Kg2 Nd6 46. Ra8 Rb1 47. Nd3 Rb6 48. Ra5 Rb5 49. Ra7 h5 50. h4 Ne4 51. Ra6+ Nd6 52. Kf1 Rd5 53. Ke2 Ke7 54. f4 e4 55. Ne5 Kf6 56. Nd7+ Ke6 57. Nf8+ Kf6 58. Nh7+ 1/2-1/2

[Event "RUS-chT1 (Women)"]
[Site "Serpukhov"]
[Date "2002.??.??"]
[Round "8"]
[White "Rubzova, Tatiana"]
[Black "Spirina, Natalia"]
[Result "1-0"]
[WhiteElo "2309"]
[BlackElo "2133"]
[PlyCount "29"]
[EventDate "2002.??.??"]
[EventType "team"]
[EventRounds "9"]
[EventCountry "RUS"]
[SourceTitle "EXT 2003"]
[Source "ChessBase"]
[SourceDate "2002.11.25"]
[SourceVersion "1"]
[SourceVersionDate "2002.11.25"]
[SourceQuality "1"]

1. d4 Nf6 2. g3 g6 3. Bg2 Bg7 4. e4 d6 5. Ne2 0-0 6. 0-0 e5 7. h3 c6 8. Nbc3 Be6 9. Be3 Qc8 10. Kh2 Na6 11. Qd2 Ne8 12. f4 f5 13. d5 cxd5 14. Nxd5 fxe4 15. Ne7+ 1-0

[Event "RUS-chT club (Women)"]
[Site "St Petersburg"]
[Date "2002.??.??"]
[Round "4"]
[White "Rubzova, Tatiana"]
[Black "Timurova, Lilia"]
[Result "1-0"]
[WhiteElo "2303"]
[BlackElo "2146"]
[PlyCount "147"]
[EventDate "2002.??.??"]
[EventType "team"]
[EventRounds "7"]
[EventCountry "RUS"]
[SourceTitle "EXT 2004"]
[Source "ChessBase"]
[SourceDate "2003.11.25"]
[SourceVersion "1"]
[SourceVersionDate "2003.11.25"]
[SourceQuality "1"]

1. c4 e6 2. b3 Nf6 3. Bb2 b6 4. Nf3 Bb7 5. e3 c5 6. Be2 Be7 7. 0-0 0-0 8. d4 cxd4 9. Nxd4 a6 10. Bf3 Qc7 11. Bxb7 Qxb7 12. Nc3 Rd8 13. Rc1 Nc6 14. Qf3 Rab8 15. Rfd1 Nxd4 16. Qxb7 Ne2+ 17. Nxe2 Rxb7 18. Rd3 h6 19. Be5 d6 20. Rcd1 Rbd7 21. Bb2 Kf8 22. f3 d5 23. Bxf6 Bxf6 24. cxd5 Rxd5 25. Rxd5 Rxd5 26. Rxd5 exd5 27. Nf4 d4 28. e4 Be5 29. Nd5 b5 30. Kf2 a5 31. h3 Ke8 32. Ke2 g5 33. Kd3 Kd7 34. g4 Kd6 35. a3 Bg7 36. f4 gxf4 37. Nxf4 Be5 38. Ne2 Kc5 39. h4 Bf6 40. h5 Be5 41. Ng1 Bf4 42. Nf3 f6 43. Nxd4 Bc1 44. b4+ Kb6 45. Nc2 a4 46. Kc3 Kc6 47. Nd4+ Kb6 48. Nf5 Kc6 49. Nd4+ Kb6 50. Nc2 Kc6 51. Ne1 Kd6 52. Nd3 Be3 53. Kc2 Bg5 54. Kd1 Be3 55. Ke2 Bg5 56. Kf3 Bd2 57. e5+ fxe5 58. Ke4 Ke6 59. Nc5+ Ke7 60. Kd5 Be3 61. Ne4 Bc1 62. Kc5 Bxa3 63. Kxb5 Ke6 64. Kxa4 Bc1 65. Kb5 Kd5 66. g5 Ke6 67. g6 Bg5 68. Kc6 Be7 69. b5 Bf8 70. b6 Kf5 71. Kd5 Kg4 72. b7 Kxh5 73. b8Q Bg7 74. Qe8 1-0

[Event "RUS-chT club (Women)"]
[Site "St Petersburg"]
[Date "2002.??.??"]
[Round "1"]
[White "Rubzova, Tatiana"]
[Black "Turova, Irina"]
[Result "0-1"]
[WhiteElo "2303"]
[BlackElo "2334"]
[PlyCount "122"]
[EventDate "2002.??.??"]
[EventType "team"]
[EventRounds "7"]
[EventCountry "RUS"]
[SourceTitle "EXT 2004"]
[Source "ChessBase"]
[SourceDate "2003.11.25"]
[SourceVersion "1"]
[SourceVersionDate "2003.11.25"]
[SourceQuality "1"]

1. c4 Nf6 2. Nf3 g6 3. b3 Bg7 4. Bb2 0-0 5. g3 d6 6. Bg2 e5 7. d3 c6 8. 0-0 Re8 9. Qc2 Nbd7 10. Nc3 a6 11. b4 d5 12. Nd2 Nf8 13. h3 h5 14. a4 Ne6 15. Nf3 Nd4 16. Nxd4 exd4 17. Nd1 dxc4 18. Qxc4 Rxe2 19. Qxd4 Bf5 20. Ne3 Ne8 21. Qxd8 Rxd8 22. Bxg7 Nxg7 23. Nxf5 Nxf5 24. b5 axb5 25. axb5 cxb5 26. Bxb7 Rxd3 27. Rab1 Nd6 28. Bc6 h4 29. Rfd1 Rxd1+ 30. Rxd1 Ne4 31. Bxb5 Rb2 32. Bf1 hxg3 33. fxg3 Nxg3 34. Bg2 Ne2+ 35. Kh1 Nf4 36. Bf1 g5 37. Re1 Kg7 38. Kg1 Kg6 39. Re3 Rd2 40. Ra3 f6 41. Ra6 Rb2 42. Ra3 Kh5 43. Ra6 Rb1 44. Rxf6 Nxh3+ 45. Kh2 Nf4 46. Bc4 Kh4 47. Rh6+ Kg4 48. Ra6 Rb2+ 49. Kh1 Kh4 50. Bf1 Kg3 51. Kg1 Rb3 52. Ra2 g4 53. Rc2 Kf3 54. Ra2 g3 55. Rc2 Re3 56. Ra2 Re1 57. Ra3+ Kg4 58. Ra2 Rc1 59. Ra8 Nh3+ 60. Kg2 Rc2+ 61. Kh1 Rh2# 0-1

[Event "St Petersburg (Women)"]
[Site "St Petersburg"]
[Date "2001.??.??"]
[Round "4"]
[White "Dorofeeva, Anna"]
[Black "Rubzova, Tatiana"]
[Result "1-0"]
[WhiteElo "2320"]
[BlackElo "2284"]
[PlyCount "83"]
[EventDate "2001.??.??"]
[EventType "tourn"]
[EventRounds "10"]
[EventCountry "RUS"]
[EventCategory "1"]
[SourceTitle "EXT 2002"]
[Source "ChessBase"]
[SourceDate "2001.11.25"]
[SourceVersion "1"]
[SourceVersionDate "2001.11.25"]
[SourceQuality "1"]

1. d4 Nf6 2. Nf3 e6 3. c4 a6 4. e3 c5 5. Bd3 cxd4 6. exd4 d5 7. c5 Nc6 8. 0-0 b6 9. cxb6 Qxb6 10. Nc3 Be7 11. Re1 0-0 12. Re2 a5 13. Bf4 Ba6 14. Rc1 Rac8 15. a3 Rfd8 16. Rec2 Bxd3 17. Qxd3 Nd7 18. Nb5 Na7 19. Nxa7 Rxc2 20. Rxc2 Qxa7 21. Qb5 Qb6 22. Qa4 Bd6 23. Bxd6 Qxd6 24. Qxa5 Rb8 25. b4 Nb6 26. Ne5 f6 27. Rc6 Qd8 28. Nd3 Nc4 29. Qxd8+ Rxd8 30. a4 e5 31. a5 Rb8 32. f3 e4 33. fxe4 dxe4 34. Rxc4 exd3 35. Kf2 Re8 36. d5 Re2+ 37. Kf3 Rb2 38. a6 Kf7 39. a7 Ra2 40. Rc7+ Kg6 41. b5 Ra1 42. Ke3 1-0

[Event "RUS-chT1 (Women)"]
[Site "Protvino"]
[Date "2001.??.??"]
[Round "6"]
[White "Iljushina, Olga"]
[Black "Rubzova, Tatiana"]
[Result "1/2-1/2"]
[WhiteElo "2154"]
[BlackElo "2284"]
[PlyCount "84"]
[EventDate "2001.02.??"]
[EventType "team"]
[EventRounds "9"]
[EventCountry "RUS"]
[SourceTitle "EXT 2002"]
[Source "ChessBase"]
[SourceDate "2001.11.25"]
[SourceVersion "1"]
[SourceVersionDate "2001.11.25"]
[SourceQuality "1"]

1. d4 Nf6 2. Nf3 e6 3. c4 b6 4. g3 Bb7 5. Bg2 Be7 6. Nc3 0-0 7. Qc2 d5 8. cxd5 Nxd5 9. 0-0 Nd7 10. Rd1 N7f6 11. Ne5 Nxc3 12. Qxc3 Bxg2 13. Kxg2 c5 14. Qf3 Qd5 15. Bg5 Qxf3+ 16. Kxf3 cxd4 17. Nc6 Bc5 18. b4 Rfc8 19. bxc5 Rxc6 20. Bxf6 gxf6 21. cxb6 Rc3+ 22. Ke4 axb6 23. Rxd4 f5+ 24. Kf4 Rc2 25. Ke3 Ra3+ 26. Rd3 Ra5 27. Rd2 Re5+ 28. Kd3 Rc8 29. e3 Rb5 30. a4 Ra5 31. Rb2 Rc6 32. Ke2 Kg7 33. h4 Kf6 34. Kf3 Ra6 35. Rb5 Rc8 36. Rab1 Rc6 37. Ra1 Ra5 38. Rab1 Rxb5 39. Rxb5 Kg6 40. a5 bxa5 41. Rxa5 Rc4 42. Rb5 Ra4 1/2-1/2

[Event "RUS-ch (Women)"]
[Site "Elista"]
[Date "2001.??.??"]
[Round "5"]
[White "Pogonina, Natalija"]
[Black "Rubzova, Tatiana"]
[Result "1-0"]
[WhiteElo "2160"]
[BlackElo "2284"]
[PlyCount "139"]
[EventDate "2001.??.??"]
[EventType "swiss"]
[EventRounds "9"]
[EventCountry "RUS"]
[SourceTitle "EXT 2002"]
[Source "ChessBase"]
[SourceDate "2001.11.25"]
[SourceVersion "1"]
[SourceVersionDate "2001.11.25"]
[SourceQuality "1"]

1. e4 e6 2. d4 d5 3. Nd2 c5 4. exd5 exd5 5. Ngf3 Nc6 6. Bb5 Bd6 7. dxc5 Bxc5 8. Nb3 Bb6 9. 0-0 Nge7 10. Bg5 0-0 11. c3 Qd6 12. Bh4 Nf5 13. Bg5 f6 14. Bd2 Bc7 15. g3 Ne5 16. Re1 Qb6 17. Bf1 Be6 18. Bf4 Ne7 19. Nfd4 Bg4 20. Qc2 N7g6 21. Be3 Qd6 22. Bg2 a6 23. h3 Bd7 24. Rad1 Nc4 25. Nf5 Bxf5 26. Qxf5 Ne7 27. Qc2 Nxe3 28. Rxe3 Bb6 29. Red3 Rfd8 30. Qe2 Kh8 31. Kh2 Re8 32. c4 Qc7 33. cxd5 Nxd5 34. Qf3 Ne7 35. Rd7 Qe5 36. Rxb7 Rab8 37. Rxb8 Rxb8 38. Rd2 Ng6 39. Qc6 Qc7 40. Qxc7 Bxc7 41. Nc5 a5 42. Ne6 Bb6 43. f4 h6 44. b3 Re8 45. Rd6 Be3 46. Be4 Nf8 47. f5 g5 48. Kg2 Bc1 49. Kf3 Bb2 50. Bd5 Rc8 51. Bc4 h5 52. g4 h4 53. Ke4 Ba3 54. Ra6 Bb4 55. Ra7 Re8 56. Rf7 Nh7 57. Kd5 Re7 58. Rxe7 Bxe7 59. Kc6 Nf8 60. Kb5 Nxe6 61. fxe6 Bb4 62. a3 Bxa3 63. Kxa5 Kg7 64. b4 Kf8 65. b5 Ke7 66. b6 Kd6 67. Ka6 Bc5 68. b7 Kc7 69. e7 Bxe7 70. Ka7 1-0

[Event "RUS-chT1 (Women)"]
[Site "Protvino"]
[Date "2001.??.??"]
[Round "8"]
[White "Rubzova, Tatiana"]
[Black "Kuzmina, Olga"]
[Result "1-0"]
[WhiteElo "2284"]
[BlackElo "2136"]
[PlyCount "127"]
[EventDate "2001.02.??"]
[EventType "team"]
[EventRounds "9"]
[EventCountry "RUS"]
[SourceTitle "EXT 2002"]
[Source "ChessBase"]
[SourceDate "2001.11.25"]
[SourceVersion "1"]
[SourceVersionDate "2001.11.25"]
[SourceQuality "1"]

1. g3 g6 2. Bg2 Bg7 3. d4 d6 4. e4 Nd7 5. Ne2 e5 6. Nbc3 Nh6 7. h3 f6 8. Be3 c6 9. Qd2 Nf7 10. f4 Qc7 11. 0-0 0-0 12. a4 b6 13. Kh2 Ba6 14. Rf2 Rae8 15. Rd1 Re7 16. Ng1 Rfe8 17. fxe5 fxe5 18. d5 c5 19. Bf1 Bc8 20. Be2 Nf6 21. Rdf1 Nd7 22. Nb5 Qb8 23. Bg4 Nf8 24. Bxc8 Rxc8 25. Nf3 h6 26. Qe2 a6 27. Nc3 Qb7 28. Nh4 Kh7 29. Bd2 Nh8 30. Nd1 Rf7 31. Ne3 b5 32. axb5 axb5 33. Rxf7 Nxf7 34. Ng4 b4 35. Qf2 Ng5 36. Bxg5 hxg5 37. Nf3 Qe7 38. Qe3 Bh6 39. h4 Nd7 40. Nxh6 Kxh6 41. Qxg5+ Qxg5 42. Nxg5 Rg8 43. Rf7 Rg7 44. b3 Nb6 45. Rf6 Rd7 46. Rxd6 Rxd6 47. Nf7+ Kh5 48. Nxd6 Kg4 49. Kg2 Nd7 50. Nc4 g5 51. hxg5 Kxg5 52. Kf3 Kf6 53. Kg4 Kg6 54. Kh4 Kh6 55. g4 Kg6 56. g5 Kf7 57. Kh5 Kg7 58. Ne3 Nf8 59. Nf5+ Kh7 60. d6 Ng6 61. d7 Nf4+ 62. Kg4 Ne6 63. Ne7 Nd8 64. Kf5 1-0